000 01092cam a2200301Ia 4500
001 80792
005 20230410104015.0
008 031028s2002 mx 000 0 spa d
035 _a(OCoLC)ocm53303831
040 _aUNAMX
_bspa
_cUNAMX
_dOCLCQ
035 _a(OCoLC)53303831
050 1 4 _aCD 973.2
_bS471m 2002
082 0 0 _a026
111 1 _aSeminario Internacional los Archivos Sonoros y Visuales en America Latina (1 ;
_d22-4 de noviembre, 2001)
245 1 0 _aMemorias del primer Seminario Internacional los Archivos Sonoros y Visuales en America Latina /
_ccompilación a cargo de Perla Olivia Rodriguez Resendiz ; con la colaboracion de Margarita Almada.
260 _aMéxico :
_bRadio Educación,
_c2002.
300 _a309 p.
650 0 _aAudio-visual archives.
650 0 _aSounds.
650 0 _aSound Files
650 4 _aArchivos sonoros
_vCongresos.
650 4 _aArchivos de materiales audiovisuales
_zCongresos.
700 1 _aRodriguez Resendiz, Perla Olivia.
700 1 _aAlmada, Margarita,
_ecolab.
942 _2lcc
_cbk
994 _aC0
_bDRFGD
946 _aog
999 _c30201
_d30201